[Event "POL-ch Seniors"]
[Site "Szklarska Poreba"]
[Date "2022.05.17"]
[Round "5"]
[White "Kasperek, Zbigniew"]
[Black "Flis, Pawel"]
[Result "0-1"]
[WhiteElo "1487"]
[BlackElo "1913"]
[PlyCount "50"]
[EventDate "2022.05.13"]
[EventType "swiss"]
[EventRounds "9"]
[EventCountry "POL"]
[SourceTitle "EXT 2024"]
[Source "ChessBase"]
[SourceDate "2023.10.10"]
[SourceVersion "1"]
[SourceVersionDate "2023.10.10"]
[SourceQuality "1"]

1. e4 c5 2. Nf3 d6 3. d4 Nf6 4. Nc3 cxd4 5. Nxd4 a6 6. Be3 e5 7. Nb3 Be6 8. f3 Be7 9. Qd2 Nbd7 10. 0-0-0 b5 11. g4 b4 12. Ne2 0-0 13. g5 Nh5 14. h4 a5 15. Kb1 Nb6 16. Nec1 a4 17. Na1 Qc7 18. Qxb4 Rfb8 19. Bxb6 Rxb6 20. Qd2 d5 21. Bd3 d4 22. Rh2 Bb4 23. Qf2 Bc3 24. b3 Qc5 25. Ne2 Qa3 0-1

[Event "POL-ch Seniors"]
[Site "Szklarska Poreba"]
[Date "2022.05.17"]
[Round "7"]
[White "Kasperek, Zbigniew"]
[Black "Hemmerling, Jaroslaw"]
[Result "0-1"]
[WhiteElo "1487"]
[BlackElo "1901"]
[PlyCount "42"]
[EventDate "2022.05.13"]
[EventType "swiss"]
[EventRounds "9"]
[EventCountry "POL"]
[SourceTitle "EXT 2024"]
[Source "ChessBase"]
[SourceDate "2023.10.10"]
[SourceVersion "1"]
[SourceVersionDate "2023.10.10"]
[SourceQuality "1"]

1. e4 Nf6 2. e5 Nd5 3. c4 Nb6 4. c5 Nd5 5. Bc4 e6 6. d4 b6 7. cxb6 axb6 8. Nf3 Be7 9. 0-0 Bb7 10. Re1 0-0 11. Nc3 Nxc3 12. bxc3 d6 13. Bf4 Nd7 14. Qe2 dxe5 15. Nxe5 Nf6 16. Nxf7 Rxf7 17. Qxe6 Bd5 18. Bxd5 Nxd5 19. Bd2 Qd6 20. Re5 Qxe6 21. Rxe6 Bd6 0-1